Sports Quiz

Random Sports or Football Quiz

NFL 'Over the Hill' Wide Receivers Quiz Stats

 Plays Quiz Updated Nov 21, 2016

Challenge
Share
Tweet
Embed
Score 0/55 Timer 06:00
0 Plays Today
Team (Year) [Age] Player % Correct
49ers (1995) [33]Jerry Rice
97.8%
49ers (1996) [34]Jerry Rice
97.8%
Raiders (2002) [40]Jerry Rice
97.8%
49ers (1998) [36]Jerry Rice
97.8%
Raiders (2001) [39]Jerry Rice
97.8%
Panthers (2012) [33]Steve Smith
88.7%
Ravens (2014) [35]Steve Smith
88.7%
Colts (2006) [34]Marvin Harrison
88.5%
Colts (2005) [33]Marvin Harrison
88.5%
Jaguars (2004) [35]Jimmy Smith
87.7%
Jaguars (2002) [33]Jimmy Smith
87.7%
Jaguars (2005) [36]Jimmy Smith
87.7%
Broncos (2004) [34]Rod Smith
87.7%
Broncos (2005) [35]Rod Smith
87.7%
Colts (2012) [34]Reggie Wayne
83.7%
Cowboys (2007) [34]Terrell Owens
80.9%
Cowboys (2006) [33]Terrell Owens
80.9%
Cowboys (2008) [35]Terrell Owens
80.9%
Vikings (2000) [35]Cris Carter
74.2%
Vikings (1999) [34]Cris Carter
74.2%
Vikings (1998) [33]Cris Carter
74.2%
Raiders (1999) [33]Tim Brown
71.4%
Raiders (2001) [35]Tim Brown
71.4%
Raiders (2000) [34]Tim Brown
71.4%
49ers (2013) [33]Anquan Boldin
71.4%
49ers (2014) [34]Anquan Boldin
71.4%
Steelers (2009) [33]Hines Ward
65.7%
Rams (2006) [34]Isaac Bruce
61.3%
Team (Year) [Age] Player % Correct
Packers (2009) [34]Donald Driver
59.6%
Packers (2008) [33]Donald Driver
59.6%
Redskins (1991) [34]Art Monk
50.8%
Patriots (1979) [33]Harold Jackson
44.2%
Ravens (2007) [33]Derrick Mason
39%
Ravens (2008) [34]Derrick Mason
39%
Ravens (2009) [35]Derrick Mason
39%
Buccaneers (2005) [34]Joey Galloway
32%
Buccaneers (2006) [35]Joey Galloway
32%
Buccaneers (2007) [36]Joey Galloway
32%
Buccaneers (2003) [33]Keenan McCardell
27.1%
Bills (1991) [35]James Lofton
23.2%
Eagles (1997) [35]Irving Fryar
22.9%
Eagles (1996) [34]Irving Fryar
22.9%
Jets (1968) [33]Don Maynard
19.7%
Chargers (1981) [34]Charlie Joiner
16.3%
Chargers (1980) [33]Charlie Joiner
16.3%
Oilers (1991) [35]Drew Hill
13.9%
Oilers (1990) [34]Drew Hill
13.9%
Redskins (1994) [33]Henry Ellard
12%
Redskins (1996) [35]Henry Ellard
12%
Redskins (1995) [34]Henry Ellard
12%
Seahawks (2007) [34]Bobby Engram
8.7%
Falcons (1998) [33]Tony Martin
7.8%
Dolphins (1999) [34]Tony Martin
7.8%
Bills (1981) [34]Frank Lewis
7.6%
Eagles (1965) [34]Pete Retzlaff
1.7%

You're not logged in!

Compare scores with friends on all Sporcle quizzes.
OR
Log In

You Might Also Like...

Show Comments

Extras

Top Quizzes Today


Score Distribution

Your Account Isn't Verified!

In order to create a playlist on Sporcle, you need to verify the email address you used during registration. Go to your Sporcle Settings to finish the process.

Report this User

Report this user for behavior that violates our Community Guidelines.

Details: